000 01318nam a2200349 c 4500
999 _c49330
_d49330
001 49330
003 ES-MaCES
005 20170503132004.0
007 cr |||||||||||
008 170503s2016 sp |||| r 00| ||spa||
017 _aM 9348-2016
_bDL
020 _a9788484406129
040 _aES-MaCES
_bspa
_cES-MaCES
110 2 _938124
_aFIDE
245 0 0 _aPor un nuevo marco legislativo laboral
_hRecurso electrónico
_b: conclusiones del Grupo FIDE sobre una nueva ordenación legal consensuada del trabajo y de las relaciones laborales
260 _aMadrid
_bFIDE, Fundación para la Investigación sobre el Derecho y la Empresa
_c2016
300 _a1 documento pdf
_c(403 kb)
500 _aTít. tomado de la cub
541 _cGratuito
650 4 _arelaciones laborales
_928369
650 4 _anegociación colectiva
_928362
650 4 _acondiciones de empleo
_930040
650 4 _acontratación
_928323
650 4 _arepresentación de los trabajadores
_928379
650 4 _alegislación del trabajo
_927166
650 4 _aEspaña
_926964
650 4 _arepertorio de recomendaciones prácticas
_929261
653 1 0 _aRelaciones laborales-Empleo
856 4 _uhttp://biblioteca.ces.es/repintra/B49330.pdf
_ytexto completo
_z[intranet]
902 _aELE PUB. ELECTRONICA
942 _2CES
_cBK
_h2.0.